Mount Kilimanjaro Quiz - Statistics

General Stats
  • This quiz has been taken 30 times
  • The average score is 4 of 15
Answer Stats
Hint Answer % Correct
What Continent is it on? Africa
96%
What Country is it located in? Tanzania
74%
What country can you see from the summit? Kenya
56%
Despite Being near the Equator,it has this on the Summit Snow/Glaciers
33%
Gateway City Moshi/Arusha
30%
Tallest Point Uhuru Peak
30%
How tall is it? 19,341 ft/5,895 m
26%
The 3 Main Peaks Kibo
11%
The 3 Main Peaks Mawenzi
11%
The 3 Main Peaks Shira
11%
First Summit was this Year 1889
7%
First Summiter Hans Meyer/Ludwig Purtscheller
7%
Nearest Airport Kilimanjaro International
7%
Mountain Range it's in None(Free-Standing)
7%
Swahili Phrase that Means"Slowly, Slowly." Pole Pole
7%
No matching quizzes found
Score Distribution
Percent of People with Each Score
Percentile by Number Answered
Your Score History
You have not taken this quiz